Powerful reports and proposals (Record no. 405726)

MARC details
000 -LEADER
fixed length control field 00269nam a2200097Ia 4500
082 ## - DEWEY DECIMAL CLASSIFICATION NUMBER
Classification number 658.453 FORS
008 - FIXED-LENGTH DATA ELEMENTS--GENERAL INFORMATION
fixed length control field 210817s9999 xx 000 0 und d
100 ## - MAIN ENTRY--PERSONAL NAME
Personal name FORSYTH, Patrick London, 2003
9 (RLIN) 96510
245 #0 - TITLE STATEMENT
Title Powerful reports and proposals
942 ## - ADDED ENTRY ELEMENTS
item type Books

No items available.